Calendar clocks / (Record no. 16973)

000 -LEADER
fixed length control field 01117cam a22002897a 4500
001 - CONTROL NUMBER
control field 14386896
003 - CONTROL NUMBER IDENTIFIER
control field OSt
005 - DATE AND TIME OF LATEST TRANSACTION
control field 20161118151800.0
008 - FIXED-LENGTH DATA ELEMENTS--GENERAL INFORMATION
fixed length control field 060523s1993 vaua c 001 0 eng d
010 ## - LIBRARY OF CONGRESS CONTROL NUMBER
LC control number 2006276772
020 ## - INTERNATIONAL STANDARD BOOK NUMBER
International Standard Book Number 0930163435
035 ## - SYSTEM CONTROL NUMBER
System control number (OCoLC)ocm34174860
040 ## - CATALOGING SOURCE
Original cataloging agency EXR
Transcribing agency EXR
Modifying agency OCLCQ
-- BAKER
-- DLC
042 ## - AUTHENTICATION CODE
Authentication code lccopycat
043 ## - GEOGRAPHIC AREA CODE
Geographic area code n-us---
050 00 - LIBRARY OF CONGRESS CALL NUMBER
Classification number NK7492
Item number .L898 1993
100 1# - MAIN ENTRY--PERSONAL NAME
Personal name Ly, Tran Duy,
Dates associated with a name 1933-
245 10 - TITLE STATEMENT
Title Calendar clocks /
Statement of responsibility, etc. Tran Duy Ly ; [with history by Chris H. Bailey ; introduction by Larry Rappaport].
260 ## - PUBLICATION, DISTRIBUTION, ETC. (IMPRINT)
Place of publication, distribution, etc. Fairfax, Va. :
Name of publisher, distributor, etc. Arlington Book Co.,
Date of publication, distribution, etc. 1993.
300 ## - PHYSICAL DESCRIPTION
Extent 360 p. :
Other physical details ill. ;
Dimensions 29 cm.
500 ## - GENERAL NOTE
General note Includes index.
500 ## - GENERAL NOTE
General note Accompanied by 1993 price up-date.
650 #0 - SUBJECT ADDED ENTRY--TOPICAL TERM
Topical term or geographic name as entry element Clocks and watches
General subdivision Collectors and collecting
Geographic subdivision United States.
650 #0 - SUBJECT ADDED ENTRY--TOPICAL TERM
Topical term or geographic name as entry element Clocks and watches
Geographic subdivision United States
Form subdivision Catalogs.
906 ## - LOCAL DATA ELEMENT F, LDF (RLIN)
a 7
b cbc
c copycat
d 2
e ncip
f 20
g y-gencatlg
942 ## - ADDED ENTRY ELEMENTS (KOHA)
Source of classification or shelving scheme
Koha item type Hard Covered Materials
Classification part REF NK 7492 .L898 1993

No items available.

© Machakos University Library, Along The Highway, Machakos Wote Rd, Machakos, Kenya P.O. Box 136 - 90100 Machakos - Kenya

Tel: ( +254 ) 723 805829 OR Fax : 044-20353 OR Email: library@mksu.ac.ke